{"text_format":"3","workbook":"xlsx","n_sheets":1,"sheets":["医用耗材清单"],"read":"whole","date_system":"1900"}

{"sheet":"医用耗材清单","index":0,"n_rows":40,"n_cols":8,"rows_kept":40,"merged":[[0,0,0,7],[2,0,20,0],[21,0,38,0],[39,0,39,7]]}
["医用耗材清单"]
["耗材分类","耗材名称","规格","单位","采购数量","预算（单价）","预算总额","备注"]
["实验室固定耗材","病理取材刀柄（带刻度）",null,"把",4,180,{"$f":"F3*E3","v":720}]
[null,"包埋纸","宽12.5cm，长500m","卷",1,1700,{"$f":"F4*E4","v":1700}]
[null,"染色玻璃缸（30片圆缸）","120mm×150mm","个",12,100,{"$f":"F5*E5","v":1200}]
[null,"染色玻璃缸（5片立式）",null,"个",5,30,150]
[null,"染色玻璃缸（10片立式）",null,"个",5,30,150]
[null,"不锈钢染色架30片","30片/个","个",20,150,3000]
[null,"胶头玻璃滴瓶","30ML","个",4,25,100]
[null,"不锈钢包埋模具底盒（0.9*0.9cm)","0.9*0.9cm","个",80,15,1200]
[null,"不锈钢包埋模具底盒（0.5*2.0cm)","0.5*2.0cm","个",50,15,750]
[null,"不锈钢包埋模具底盒（1.5*1.5cm)","1.5*1.5cm","个",60,15,900]
[null,"不锈钢包埋模具底盒（2.4*2.4cm)","2.4*2.4cm","个",100,15,1500]
[null,"不锈钢包埋模具底盒（2.4*3.0cm)","2.4*3.0cm","个",80,15,1200]
[null,"不锈钢包埋模具底盒（2.4*3.7cm)","2.4*3.7cm","个",50,15,750]
[null,"免疫组化湿盒（10片）","10片/个","个",2,80,160]
[null,"免疫组化湿盒（20片）","20片/个","个",2,120,240]
[null,"烧杯","250ml","个",6,20,120]
[null,"烧杯","100ml","个",6,20,120]
[null,"塑料清洗瓶","500ml","个",2,20,40]
[null,"废液桶/油桶（25KG大口加厚）","25KG/个","个",3,30,90]
["实验室常用耗材","苏木素染色液（Harris）","500ml","瓶",2,640,1280]
[null,"伊红染色液（醇溶性）（组织HE染色）","500ml","瓶",2,309,618]
[null,"脱钙液（硝酸型）","500ml","瓶",2,400,800]
[null,"激光打印塑料组织包埋盒","B3002、3000个/箱","个",3000,0.45,1350,"激光打号机配套设备耗材"]
[null,"激光载玻片","50片/盒","盒",20,0.45,450,"激光打号机配套设备耗材"]
[null,"粘附载玻片","50片/盒","盒",10,70,700]
[null,"病理切片机用刀片","50片/盒","盒",1,800,800]
[null,"石蜡（58-60°）","熔点58-60°","箱",4,500,2000]
[null,"晾片板",null,"个",100,26,{"$f":"E30*F30","v":2600}]
[null,"冷冻包埋剂","100ml/瓶","瓶",6,200,1200]
[null,"石蜡清洁剂","500ml/瓶","瓶",2,150,300]
[null,"离心管（尖平底）","50ml/个","个",100,0.5,50]
[null,"直尖手术剪（取材器材）",null,"把",4,48,192]
[null,"弯尖手术剪（取材器材）",null,"把",2,58,116]
[null,"弯尖头镊子","(16cm )","把",6,18,108]
[null,"圆直头镊子","（14cm）","把",10,15,150]
[null,"圆直头镊子","（20cm)","把",6,20,120]
[null,"一次性吸管","2ml",null,"100支",0.2,20]
["合计：26944"]